000 00611nam a2200229 i 4500
001 C2-0144724
003 PPAK
005 20180727130441.0
008 980224s1982 enka|||| ||||| | eng d
020 _a0853688613
040 _aPPAK
_beng
_cPPAK
_erda
082 0 4 _a623.746
_223
090 0 0 _a623.746
_bPRI
_dR
100 1 _aPrice, Alfred,
_eauthor
245 1 4 _aThe spitfire story
264 1 _aLondon :
_bJane's Publishing ,
_c1982
300 _a256 pages :
_billustrations ;
_c28 cm
336 _2rdacontent
_atext
337 _2rdamedia
_aunmediated
338 _2rdacarrier
_avolume
942 _ddc
_cB
999 _c45620
_d45620